Регионална библиотека "Любен Каравелов" - Русе

Лиричен двуглас (Запис номер 52466)

MARC детайли
000 -Лидер
Контролно поле с фиксирана дължина 01279nam a2200373 c 4500
003 - Код на организацията, давaща контролен номер
Контролно поле BLK
005 - Дата и час на последна редакция
Контролно поле 20231220005224.0
008 - Елементи от данни с фиксирана дължина
fixed length control field 180408b bul|||||r ||||||| ||bul||
010 ## - Наследен системен номер
LC control number KNG00056390000
020 ## - Международен стандартен номер на книга ISBN
Международен стандартен номер на книга ISBN 954-8560-85-2
040 ## - Източник на каталожния запис
Идентификатор на билиотеката - собственик на записа BLK
041 ## - Код за език
Код за езика на текст/звукозапис или на отделно заглавие Български
Код за езика КДБФ Български
072 #7 - Код за тематичната категория
Код организация bullib
Код за тематична категория Я
Текст Автографи
080 ## - УДК
Текстов определител УДК Българска литература
УДК код - определител по УДК 821.163.2
УДК определител -1
УДК - код + определител 821.163.2-1
100 1# - Редна дума - Автор
Автор Шошева, Дина
Авторска отговорност първи автор
R(LIN) 284486
139 ## - Редно поле
Редна дума Шошева, Дина и др.
Авторски знак Шош - Ш 91
245 10 - Сведения за заглавието
Заглавие Лиричен двуглас
Подзаглавни данни Любовна лирика
Редно поле (дума) Дина Шошева; съавт. Румен Януаров; худож. Огнян Балканджиев.
257 ## - Страна на издаване
Страна на създаване/издаване България
260 ## - Област на издателските данни
Име на издателя, разпространителя и проч. Парнас
Година на издаване 2005
Печатница Русе : Авангард принт
300 ## - Физическа характеристика
Страници 40 с.
Размери/Мащаб 20 см
380 ## - Жанр
Жанр Худож. лит.
659 ## - Тематичен бюлетин
Тематичен бюлетин К
659 ## - Тематичен бюлетин
Тематичен бюлетин Я
700 1# - Други автори (авторска отговорност)
Лично име Януаров, Румен
Автороска отговорност (Описва отношението между автора и произведението) съавт.
9 (RLIN) 368759
700 ## - Други автори (авторска отговорност)
Лично име Балканджиев, Огнян Георгиев
9 (RLIN) 364857
852 ## - Местоположение
Форматна сигнатура Цб 225400
852 ## - Местоположение
Форматна сигнатура К 821.163.2/Ш 91
856 4# - Електронен адрес и достъп
Електронен формат pdf - файл
856 4# - Електронен адрес и достъп
Електронен формат pdf - файл
999 ## - СИСТЕМНИ КОНТРОЛНИ НОМЕРА
Koha biblionumber 52466
Koha biblioitemnumber 52466
942 ## - АРТИКУЛИ
Вид на библиотечния материал Книги
Скрит в OPAC Не
Периодичен библиозапис Да
944 ## - СЪЗДАВАНЕ И РЕДАКЦИЯ на ЗАПИСА
Създаване/Редакция Създаване
Дата на регистрацията/редакция 07.11.2005
Служител, извършил регистрацията/редакцията
Статус, дата на статуса CRON CRON
944 ## - СЪЗДАВАНЕ И РЕДАКЦИЯ на ЗАПИСА
Създаване/Редакция Редакция
Дата на регистрацията/редакция 02.11.2012
999 ## - СИСТЕМНИ КОНТРОЛНИ НОМЕРА
Koha biblioitemnumber 52466
Наличности
Код за отписване Код за изгубен артикул Код за повреда Коз за рестрикции Код за отдаване Артикулен № Име на библиотеката - собственик Име на библиотеката, в която се намира в момента Статус (Текущо местоположение) Дата на вписване в системата Местоположение - отдел Цена в лева Номерация (Хронология) Инвентарен номер Систематично азбучна сигнатура Баркод Номер на екземпляра Цена в евро Служебна бележка Служебен тип на артикула Източник на класификационната схема
  Не е изгубен Не е повреден без рестрикции ползва се в читалня 82551 Регионална библиотека "Любен Каравелов" Русе Регионална библиотека "Любен Каравелов" Русе Хранилище 2005-11-07 Основен фонд - ползва се само за читалня 3.50 Автограф: Дина Шошева, Румен Януаров 120000697830 Цб 225400 120000697830 1 1.79 Дост: DA Вид: А N: 24 Дата: 02.11.2005 Книги  
  Не е изгубен Не е повреден без рестрикции заемане за дома 82552 Регионална библиотека "Любен Каравелов" Русе Регионална библиотека "Любен Каравелов" Русе Заемна - подръчен фонд 2005-11-07 Заемна - подръчен фонд 3.50   120000697831 П 886.7-1/Ш 91 120000697831 2 1.79 Дост: DA Вид: А N: 24 Дата: 02.11.2005 Дата инв: 14.02.2018 Бележки инв: П2018 Книги  
Изтеглен Не е изгубен Не е повреден без рестрикции заемане за дома 82553 Регионална библиотека "Любен Каравелов" Русе Регионална библиотека "Любен Каравелов" Русе Заемна - подръчен фонд 2005-11-07 Заемна - подръчен фонд 3.50   120000697832 П 886.7-1/Ш 91 120000697832 3 1.79 Дост: DA Вид: А N: 24 Дата: 02.11.2005 Дата инв: 14.02.2018 Бележки инв: П2018 Книги  
Изтеглен Не е изгубен Не е повреден без рестрикции заемане за дома 82554 Регионална библиотека "Любен Каравелов" Русе Регионална библиотека "Любен Каравелов" Русе Заемна - подръчен фонд 2005-11-07 Заемна - подръчен фонд 3.50   120000697833 П 886.7-1/Ш 91 120000697833 4 1.79 Дост: DA Вид: А N: 24 Дата: 02.11.2005 Дата инв: 14.02.2018 Бележки инв: П2018 Книги  
  Не е изгубен Не е повреден без рестрикции ползва се в читалня 82555 Регионална библиотека "Любен Каравелов" Русе Регионална библиотека "Любен Каравелов" Русе Краезнание 2005-11-07 Краезнание 3.50 Автограф: Дина Шошева, Румен Януаров 120000697834 К 821.163.2/Ш 91 120000697834 5 1.79 Дост: DA Вид: А N: 24 Дата: 02.11.2005 Дата инв: 16.11.2017 Бележки инв: К2017 Книги Universal Decimal Classification
Vip Innovations Ltd, Rousse, Bulgaria 2025